Statistics for Toronto Raptors Quiz

Click here to take the quiz!

General Stats

  • This quiz has been taken 62 times
  • The average score is 12 of 18

Answer Stats

Answer % Correct
1
100%
Utah Crimson
98%
Eastern
96%
White
96%
Black
95%
1995
89%
Nick Nurse
89%
Atlantic
88%
6
84%
Toronto, Ontario
79%
Scotiabank Arena
63%
Gold
58%
Masai Ujiri
54%
Quick Silver
37%
Bobby Webster
37%
Sun Life Financial
28%
Maple Leaf Sports & Entertainment
26%
Raptors 905
16%

Score Distribution

Percentile by Number Answered

Percent of People with Each Score

Your Score History

You have not taken this quiz